000 00669nam a2200301Ia 4500
005 20260401122201.0
008 008 250103s9999 xx 000 0 eng d
020 _a8126019964
037 _aTB
040 _aEDL
040 _beng
040 _cEDL
041 _2eng
041 _aeng
084 _a891.4393 BED
084 _qEDL
100 _aBedi, Rajinder Singh
_91232846
245 0 _aSelected Short Stories
245 0 _cBedi, Rajinder Singh
260 _aNew Delhi
260 _bSahitya Akademi
260 _c2005
300 _a259p
942 _cTB
942 _h891.4393 BED
999 _c1845469
_d1845469